| 000 | 00921nam a2200265Ia 4500 | ||
|---|---|---|---|
| 003 | OSt | ||
| 005 | 20221005112019.0 | ||
| 006 | a|||||r|||| 00| 0 | ||
| 007 | ta | ||
| 008 | 221004b |||||||| |||| 00| 0 san d | ||
| 020 |
_a9789381189221 (hbk) _c500 |
||
| 024 | _a2556 | ||
| 037 |
_b359, 11/01/2013, Eastern Book Linkers _cTextual |
||
| 040 |
_aCRL _cCRL _bsan |
||
| 041 |
_2san _asan |
||
| 082 | _aQ25:23, 152Q2 | ||
| 100 | _aखण्डेलवाल, एस. एन. | ||
| 245 | 0 | _aयोगिनीतन्त्रम् | |
| 246 | _aYoginītantram | ||
| 260 |
_aवाराणसी _bभारतीय विद्या संस्थान भारत _c2012 |
||
| 300 |
_a435पृ0 _ccm. |
||
| 650 | _aधर्म | ||
| 942 |
_hQ25:23, 152Q2 _cTEXL _2cc |
||
| 999 |
_c1023563 _d1023563 |
||